Home management / (Record no. 131735)

MARC details
000 -LEADER
fixed length control field 00798nam a22002537a 4500
003 - CONTROL NUMBER IDENTIFIER
control field dpl
005 - DATE AND TIME OF LATEST TRANSACTION
control field 20180705141324.0
008 - FIXED-LENGTH DATA ELEMENTS--GENERAL INFORMATION
fixed length control field 180612b xxu||||| |||| 00| 0 eng d
010 ## - LIBRARY OF CONGRESS CONTROL NUMBER
LC control number B-220524
020 ## - INTERNATIONAL STANDARD BOOK NUMBER
Terms of availability 00.00
International Standard Book Number 8189239171
035 ## - SYSTEM CONTROL NUMBER
System control number B-220524, B-220529, B-220525
037 ## - SOURCE OF ACQUISITION
Source of stock number/acquisition Cen Lib/Ret
040 ## - CATALOGING SOURCE
Original cataloging agency DPL
Language of cataloging EN
Transcribing agency 0
082 ## - DEWEY DECIMAL CLASSIFICATION NUMBER
Classification number 640
Item number SHA
100 ## - MAIN ENTRY--PERSONAL NAME
Personal name Sharma, Niraja
9 (RLIN) 19193
245 ## - TITLE STATEMENT
Title Home management /
Statement of responsibility, etc by Niraja Sharma
260 ## - PUBLICATION, DISTRIBUTION, ETC. (IMPRINT)
Place of publication, distribution, etc New Delhi
Name of publisher, distributor, etc Murari Lal and Sons
Date of publication, distribution, etc 2006
270 ## - ADDRESS
City New Delhi
Postal code 110002
Address 4378/4B, Ansari Road, Dariya Ganj
300 ## - PHYSICAL DESCRIPTION
Extent 273p.
Dimensions 21cm(Hb)
500 ## - GENERAL NOTE
General note Includes bibliographical references and index
650 ## - SUBJECT ADDED ENTRY--TOPICAL TERM
Topical term or geographic name as entry element Home management
9 (RLIN) 71985
650 ## - SUBJECT ADDED ENTRY--TOPICAL TERM
Topical term or geographic name as entry element Planning and arrangement
General subdivision
9 (RLIN) 32615
942 ## - ADDED ENTRY ELEMENTS (KOHA)
Source of classification or shelving scheme Dewey Decimal Classification
Koha item type English Books
Classification part 640
Call number suffix SHA
Holdings
Withdrawn status Lost status Damaged status Not for loan Home library Current library Date acquired Source of acquisition Cost, normal purchase price Total Checkouts Full call number Barcode Date last seen Copy number Cost, replacement price Price effective from Koha item type Public note Source of classification or shelving scheme Collection code
Written off       Central Library Central Library 15/07/2015 Cen Lib/Ret 0.00   640 SHA B-220524 15/07/2015 1 0.00 15/07/2015 English Books Written off on approval by DLB (By Circulation); dtd 15-06-2023    
        Patel Nagar Patel Nagar 05/07/2018 BPPD/Pub 500.00   640 SHA B-220525 05/07/2018 1 500.00 05/07/2018 English Books   Dewey Decimal Classification Non-fiction
        Shahdara Branch Shahdara Branch 12/06/2018 BPPD/PUB 500.00   640 SHA B-220529 12/06/2018   500.00 12/06/2018 English Books   Dewey Decimal Classification Non-fiction

© Delhi Public Library
Hit Counter
free hit counter